000 01082nam a2200301 4500
001 0000018728
003 CO-CtgCURN
005 20250329191012.0
007 ta
008 160627s2000 000 0 eng d
020 _a9589316050
040 _aCO-CtgCURN
_bspa
_ccoctgcurn
082 0 _a658.402
_bV43d
100 1 _aVidal Arizabaleta, Elizabeth.
245 1 0 _aDiagnóstico organizacional 1 :
_bevaluacion del desempeno empresarial /
_cElizabeth Vidal Arizabaleta.
260 _aBogotá :
_bEdiciones Angular,
_c2000.
300 _a100 p.
336 _2rdacontent
337 _2rdamedia
_asin mediacion
_bn
338 _2rdacarrier
_avolumen
_bnc
490 1 _aPyxis Ediciones
500 _aIncluye bibliografia.
505 8 _aEl proceso de diagnostico.--Identificacion del negocio.--Políticas.--Objetivos y metas.--La cultura de las organizaciones.--Análisis del entorno.--Indicadores de gestion
650 1 4 _aOrganizacion.
908 _a160627
942 _cBK
_h658.402
_iV43d
_2ddc
999 _c10801
_d10801